000 00655pam a2200205 i 4500
001 4629172
005 20180104091914.0
008 781027s1978 hiua b 000 0 eng
010 _a 78024452
040 _aDLC
_cDLC
_dDLC
041 _aeng
080 _a301.320711 PET
082 0 0 _a301.320711 PET
100 _a42
101 _aGJE
245 0 2 _aA Curriculum guide for population geography /
_cprepared by participants in the geography workshops of the fourth and fifth summer seminars in population ; edited by Gary Fuller.
504 _aIncludes bibliographies.
906 _a7
_bcbc
_corignew
_d1
_eocip
_f19
_gy-gencatlg
942 _2ddc
_cBK
999 _c39777
_d39777